Контроль параметров продуктов сгорания в фильтрационных установках; Известия Томского политехнического университета [Известия ТПУ]; Т. 315. № 4: Энергетика
| Parent link: | Известия Томского политехнического университета [Известия ТПУ]/ Томский политехнический университет (ТПУ).— , 2000- Т. 315. № 4: Энергетика.— 2009.— [С. 29-34] |
|---|---|
| Päätekijä: | |
| Muut tekijät: | , |
| Yhteenveto: | Заглавие с титульного листа Электронная версия печатной публикации Исследованы параметры отработавших газов дизельного двигателя в полостях фильтров методом многоканального зондирования. Регистрация параметров сажи осуществлялась голографической установкой, кроме того проводилось измерения температуры и химического состава газов в местах контроля с последующей компьютерной обработкой результатов. Установлено, что на процесс фильтрования частиц оказывает существенное влияние избыток окислителя в реакторе фильтра, противодавление на выпуске и пористость фильтров, а после них повышается температура отработанных газов, что свидетельствует о протекании экзотермических реакций в пористой стенке. |
| Kieli: | venäjä |
| Julkaistu: |
2009
|
| Sarja: | Энергетика |
| Aiheet: | |
| Linkit: | http://www.lib.tpu.ru/fulltext/v/Bulletin_TPU/2009/v315/i4/06.pdf |
| Aineistotyyppi: | MixedMaterials Elektroninen Kirjan osa |
| KOHA link: | https://koha.lib.tpu.ru/cgi-bin/koha/opac-detail.pl?biblionumber=177075 |
MARC
| LEADER | 00000nla2a2200000 4500 | ||
|---|---|---|---|
| 001 | 177075 | ||
| 005 | 20231031165457.0 | ||
| 035 | |a (RuTPU)RU\TPU\book\191981 | ||
| 035 | |a RU\TPU\book\191973 | ||
| 090 | |a 177075 | ||
| 100 | |a 20100311d2009 k y0rusy50 ca | ||
| 101 | 0 | |a rus | |
| 102 | |a RU | ||
| 135 | |a drnn ---uucaa | ||
| 181 | 0 | |a i | |
| 182 | 0 | |a b | |
| 200 | 1 | |a Контроль параметров продуктов сгорания в фильтрационных установках |b Электронный ресурс |f В. К. Кулешов, В. В. Бразовский, В. А. Баранов | |
| 203 | |a Текст |c электронный | ||
| 215 | |a 1 файл (232 Кб) | ||
| 225 | 1 | |a Энергетика | |
| 230 | |a Электронные текстовые данные (1 файл : 232 Кб) | ||
| 300 | |a Заглавие с титульного листа | ||
| 300 | |a Электронная версия печатной публикации | ||
| 320 | |a [Библиогр.: с. 34 (6 назв.)] | ||
| 330 | |a Исследованы параметры отработавших газов дизельного двигателя в полостях фильтров методом многоканального зондирования. Регистрация параметров сажи осуществлялась голографической установкой, кроме того проводилось измерения температуры и химического состава газов в местах контроля с последующей компьютерной обработкой результатов. Установлено, что на процесс фильтрования частиц оказывает существенное влияние избыток окислителя в реакторе фильтра, противодавление на выпуске и пористость фильтров, а после них повышается температура отработанных газов, что свидетельствует о протекании экзотермических реакций в пористой стенке. | ||
| 337 | |a Adobe Reader | ||
| 461 | 1 | |0 (RuTPU)RU\TPU\book\176237 |t Известия Томского политехнического университета [Известия ТПУ] |f Томский политехнический университет (ТПУ) |d 2000- | |
| 463 | 1 | |0 (RuTPU)RU\TPU\book\191878 |t Т. 315. № 4: Энергетика |v [С. 29-34] |d 2009 |p 179 с. | |
| 610 | 1 | |a цифровая голография | |
| 610 | 1 | |a отработанные газы | |
| 610 | 1 | |a фильтрация | |
| 610 | 1 | |a гистограммы | |
| 610 | 1 | |a распределение | |
| 610 | 1 | |a частицы | |
| 610 | 1 | |a приборные комплексы | |
| 610 | 1 | |a контроль | |
| 610 | 1 | |a твердые частицы | |
| 610 | 1 | |a дисперсные потоки | |
| 610 | 1 | |a труды учёных ТПУ | |
| 610 | 1 | |a параметры | |
| 610 | 1 | |a электронный ресурс | |
| 700 | 1 | |a Кулешов |b В. К. |c специалист в области неразрушающего контроля |c профессор Томского политехнического университета, доктор технических наук |f 1939- |g Валерий Константинович |2 stltpush |3 (RuTPU)RU\TPU\pers\19828 | |
| 701 | 1 | |a Бразовский |b В. В. |c научный сотрудник международной лаборатории радиационного контроля НИИ интроскопии при ТПУ |c кандидат технических наук |f 1983- |g Василий Владимирович |2 stltpush |3 (RuTPU)RU\TPU\pers\25893 | |
| 701 | 1 | |a Баранов |b В. А. |c старший научный сотрудник международной лаборатории радиационного контроля НИИ интроскопии при ТПУ |c кандидат технических наук |f 1943- |g Владимир Александрович |2 stltpush |3 (RuTPU)RU\TPU\pers\25890 | |
| 801 | 1 | |a RU |b 63413507 |c 20090623 |g PSBO | |
| 801 | 2 | |a RU |b 63413507 |c 20211216 |g PSBO | |
| 856 | 4 | |u http://www.lib.tpu.ru/fulltext/v/Bulletin_TPU/2009/v315/i4/06.pdf | |
| 942 | |c CF | ||